000
00231nam a2200097Ia 4500
008
170619s9999 xx 000 0 und d
100
_a
Brassard Gilles
245
0
_a
fundamentals of Algorithms
260
_b
New Delhi : PHI
260
_c
2006
546
_a
ENGLISH
999
_c
18361
_d
18361